<?xml version="1.0" encoding="UTF-8"?>
<collection xmlns="http://www.loc.gov/MARC21/slim">
 <record>
  <leader>06892cam a2201069   4500</leader>
  <controlfield tag="001">642812845</controlfield>
  <controlfield tag="003">DE-627</controlfield>
  <controlfield tag="005">20230517221841.0</controlfield>
  <controlfield tag="007">tu</controlfield>
  <controlfield tag="008">110105s2013    gw |||||      00| ||ger c</controlfield>
  <datafield tag="010" ind1=" " ind2=" ">
   <subfield code="a">  2012536588</subfield>
  </datafield>
  <datafield tag="015" ind1=" " ind2=" ">
   <subfield code="a">11,N01</subfield>
   <subfield code="2">dnb</subfield>
  </datafield>
  <datafield tag="015" ind1=" " ind2=" ">
   <subfield code="a">11,N01</subfield>
   <subfield code="2">dnb</subfield>
  </datafield>
  <datafield tag="016" ind1="7" ind2=" ">
   <subfield code="a">1009167413</subfield>
   <subfield code="2">DE-101</subfield>
  </datafield>
  <datafield tag="020" ind1=" " ind2=" ">
   <subfield code="a">9783786126430</subfield>
   <subfield code="c">Gb. : ca. EUR 69.00 (DE), ca. EUR 71.00 (AT), ca. sfr 97.90 (freier Pr.)</subfield>
   <subfield code="9">978-3-7861-2643-0</subfield>
  </datafield>
  <datafield tag="024" ind1="3" ind2=" ">
   <subfield code="a">9783786126430</subfield>
  </datafield>
  <datafield tag="035" ind1=" " ind2=" ">
   <subfield code="a">(DE-627)642812845</subfield>
  </datafield>
  <datafield tag="035" ind1=" " ind2=" ">
   <subfield code="a">(DE-576)336077645</subfield>
  </datafield>
  <datafield tag="035" ind1=" " ind2=" ">
   <subfield code="a">(DE-599)DNB1009167413</subfield>
  </datafield>
  <datafield tag="035" ind1=" " ind2=" ">
   <subfield code="a">(OCoLC)829059132</subfield>
  </datafield>
  <datafield tag="035" ind1=" " ind2=" ">
   <subfield code="a">(OCoLC)706934557</subfield>
  </datafield>
  <datafield tag="035" ind1=" " ind2=" ">
   <subfield code="a">(OCoLC)835290379</subfield>
  </datafield>
  <datafield tag="035" ind1=" " ind2=" ">
   <subfield code="a">(JUB)b18884246</subfield>
  </datafield>
  <datafield tag="040" ind1=" " ind2=" ">
   <subfield code="a">DE-627</subfield>
   <subfield code="b">ger</subfield>
   <subfield code="c">DE-627</subfield>
   <subfield code="e">rakwb</subfield>
  </datafield>
  <datafield tag="041" ind1=" " ind2=" ">
   <subfield code="a">ger</subfield>
  </datafield>
  <datafield tag="044" ind1=" " ind2=" ">
   <subfield code="c">XA-DE-BE</subfield>
  </datafield>
  <datafield tag="050" ind1=" " ind2="0">
   <subfield code="a">N6973.V4</subfield>
  </datafield>
  <datafield tag="082" ind1="0" ind2=" ">
   <subfield code="a">740</subfield>
   <subfield code="q">BSZ</subfield>
  </datafield>
  <datafield tag="082" ind1="0" ind2=" ">
   <subfield code="a">720.92</subfield>
   <subfield code="2">22/ger</subfield>
  </datafield>
  <datafield tag="082" ind1="0" ind2="4">
   <subfield code="a">720</subfield>
   <subfield code="a">100</subfield>
   <subfield code="q">DNB</subfield>
  </datafield>
  <datafield tag="082" ind1="0" ind2="4">
   <subfield code="a">740</subfield>
  </datafield>
  <datafield tag="084" ind1=" " ind2=" ">
   <subfield code="a">9,10</subfield>
   <subfield code="2">ssgn</subfield>
  </datafield>
  <datafield tag="084" ind1=" " ind2=" ">
   <subfield code="a">CG 5913</subfield>
   <subfield code="q">DE-14/sred</subfield>
   <subfield code="2">rvk</subfield>
   <subfield code="0">(DE-625)rvk/18252:11612</subfield>
  </datafield>
  <datafield tag="084" ind1=" " ind2=" ">
   <subfield code="a">ZH 4800</subfield>
   <subfield code="q">DE-14/sred</subfield>
   <subfield code="2">rvk</subfield>
   <subfield code="0">(DE-625)rvk/156166:</subfield>
  </datafield>
  <datafield tag="084" ind1=" " ind2=" ">
   <subfield code="a">LI 92170</subfield>
   <subfield code="2">rvk</subfield>
   <subfield code="0">(DE-625)rvk/97337:</subfield>
  </datafield>
  <datafield tag="084" ind1=" " ind2=" ">
   <subfield code="a">20.06</subfield>
   <subfield code="2">bkl</subfield>
  </datafield>
  <datafield tag="084" ind1=" " ind2=" ">
   <subfield code="a">20.31</subfield>
   <subfield code="2">bkl</subfield>
  </datafield>
  <datafield tag="084" ind1=" " ind2=" ">
   <subfield code="a">56.62</subfield>
   <subfield code="2">bkl</subfield>
  </datafield>
  <datafield tag="090" ind1=" " ind2=" ">
   <subfield code="a">a</subfield>
  </datafield>
  <datafield tag="100" ind1="1" ind2=" ">
   <subfield code="a">Fischer, Ole W.</subfield>
   <subfield code="d">1974-</subfield>
   <subfield code="0">(DE-588)140532749</subfield>
   <subfield code="0">(DE-627)618920757</subfield>
   <subfield code="0">(DE-576)318717034</subfield>
   <subfield code="4">aut</subfield>
  </datafield>
  <datafield tag="245" ind1="1" ind2="0">
   <subfield code="a">Nietzsches Schatten</subfield>
   <subfield code="b">Henry van de Velde - von Philosophie zu Form</subfield>
   <subfield code="c">Ole W. Fischer</subfield>
  </datafield>
  <datafield tag="264" ind1=" " ind2="1">
   <subfield code="a">Berlin</subfield>
   <subfield code="b">Mann</subfield>
   <subfield code="c">2013</subfield>
  </datafield>
  <datafield tag="300" ind1=" " ind2=" ">
   <subfield code="a">624 S</subfield>
   <subfield code="b">Ill</subfield>
   <subfield code="c">24 cm</subfield>
  </datafield>
  <datafield tag="336" ind1=" " ind2=" ">
   <subfield code="a">Text</subfield>
   <subfield code="b">txt</subfield>
   <subfield code="2">rdacontent</subfield>
  </datafield>
  <datafield tag="337" ind1=" " ind2=" ">
   <subfield code="a">ohne Hilfsmittel zu benutzen</subfield>
   <subfield code="b">n</subfield>
   <subfield code="2">rdamedia</subfield>
  </datafield>
  <datafield tag="338" ind1=" " ind2=" ">
   <subfield code="a">Band</subfield>
   <subfield code="b">nc</subfield>
   <subfield code="2">rdacarrier</subfield>
  </datafield>
  <datafield tag="505" ind1="8" ind2="0">
   <subfield code="a">Vorbemerkung : programmatische Architektur : oder : von Philosophie zu FormVon &quot;Übermenschen&quot;, &quot;Nietzschelingen&quot; und dem &quot;Zarathustra-Stil&quot; : van de Velde und die Nietzscherezeption in den Künstlerkreisen der JahrhundertwendeNietzsche und van de Velde?Philosophie : Nietzsches ungeschriebene Ästhetik?Basler Schriften : auf den metaphysischen Spuren Schopenhauers und WagnersDas wissenschaftliche Denkmodell : psychologische Kritik und historische ArgumentationDionysos als Philosoph : Zarathustra und das SpätwerkTheorie : Henry van de VeldeMoralische Architektur und die Problematisierung des HistorismusDie Einheit der KünsteConception Rationnelle : Funktion und ZweckformOrganischer AufbauKonstruktionMaterialEntmaterialisierung und Belebung des StoffesLinie und OrnamentMaschine, Industrie und IngenieurDer Neue StilDer Wille zur Kunst : Nietzsche und van de Velde parallel gelesenDirekte Verweise in den kunsttheoretischen TextenDirekte Verweise in den Memoiren : Geschichte meines Lebens : Récit de ma vieDirekte Verweise in den BriefenAul der Suche nach der verlorenen Spur : ein inhaltlicher Vergleich der Schriften Nietzsches und van de VeldesForm : die künstlerischen Nietzsche-Werke van de VeldesDas Nietzsche-Archiv in Weimar (1902-03) : Intimität und RepräsentationDie buchkünstlerische Gestaltung der Insel-Prachtausgaben : Idee, Grenze und Überwindung der &quot;transcription ornementale&quot;Der Nietzsche-Kult im Grossen und im KleinenFarbtafelnSchlussbemerkung : der Fall van de Velde : ein Artisten-Problem?AnhangBibliographieArchivangabenVerzeichnis der Abbildungen und Farbtafeln.</subfield>
  </datafield>
  <datafield tag="600" ind1="1" ind2="0">
   <subfield code="a">Velde, Henry van de</subfield>
   <subfield code="d">1863-1957</subfield>
   <subfield code="x">Aesthetics</subfield>
  </datafield>
  <datafield tag="600" ind1="1" ind2="0">
   <subfield code="a">Nietzsche, Friedrich Wilhelm</subfield>
   <subfield code="d">1844-1900</subfield>
   <subfield code="x">Aesthetics</subfield>
  </datafield>
  <datafield tag="650" ind1=" " ind2="0">
   <subfield code="a">Aesthetics</subfield>
   <subfield code="x">Philosophy</subfield>
  </datafield>
  <datafield tag="650" ind1=" " ind2="0">
   <subfield code="a">Architecture</subfield>
   <subfield code="x">Philosophy</subfield>
  </datafield>
  <datafield tag="650" ind1=" " ind2="0">
   <subfield code="a">Design</subfield>
   <subfield code="x">Philosophy</subfield>
  </datafield>
  <datafield tag="689" ind1="0" ind2="0">
   <subfield code="d">p</subfield>
   <subfield code="0">(DE-588)118587943</subfield>
   <subfield code="0">(DE-627)133733971</subfield>
   <subfield code="0">(DE-576)209049553</subfield>
   <subfield code="a">Nietzsche, Friedrich</subfield>
   <subfield code="d">1844-1900</subfield>
   <subfield code="2">gnd</subfield>
  </datafield>
  <datafield tag="689" ind1="0" ind2="1">
   <subfield code="d">s</subfield>
   <subfield code="0">(DE-588)4049716-1</subfield>
   <subfield code="0">(DE-627)104675152</subfield>
   <subfield code="0">(DE-576)209083182</subfield>
   <subfield code="a">Rezeption</subfield>
   <subfield code="2">gnd</subfield>
  </datafield>
  <datafield tag="689" ind1="0" ind2="2">
   <subfield code="d">p</subfield>
   <subfield code="0">(DE-588)118626442</subfield>
   <subfield code="0">(DE-627)133832198</subfield>
   <subfield code="0">(DE-576)163403201</subfield>
   <subfield code="a">Velde, Henry van de</subfield>
   <subfield code="d">1863-1957</subfield>
   <subfield code="2">gnd</subfield>
  </datafield>
  <datafield tag="689" ind1="0" ind2="3">
   <subfield code="d">s</subfield>
   <subfield code="0">(DE-588)4002851-3</subfield>
   <subfield code="0">(DE-627)104280352</subfield>
   <subfield code="0">(DE-576)208848975</subfield>
   <subfield code="a">Architektur</subfield>
   <subfield code="2">gnd</subfield>
  </datafield>
  <datafield tag="689" ind1="0" ind2=" ">
   <subfield code="5">DE-101</subfield>
  </datafield>
  <datafield tag="689" ind1="1" ind2="0">
   <subfield code="d">p</subfield>
   <subfield code="0">(DE-588)118587943</subfield>
   <subfield code="0">(DE-627)133733971</subfield>
   <subfield code="0">(DE-576)209049553</subfield>
   <subfield code="a">Nietzsche, Friedrich</subfield>
   <subfield code="d">1844-1900</subfield>
   <subfield code="2">gnd</subfield>
  </datafield>
  <datafield tag="689" ind1="1" ind2="1">
   <subfield code="d">s</subfield>
   <subfield code="0">(DE-588)4049716-1</subfield>
   <subfield code="0">(DE-627)104675152</subfield>
   <subfield code="0">(DE-576)209083182</subfield>
   <subfield code="a">Rezeption</subfield>
   <subfield code="2">gnd</subfield>
  </datafield>
  <datafield tag="689" ind1="1" ind2="2">
   <subfield code="d">p</subfield>
   <subfield code="0">(DE-588)118626442</subfield>
   <subfield code="0">(DE-627)133832198</subfield>
   <subfield code="0">(DE-576)163403201</subfield>
   <subfield code="a">Velde, Henry van de</subfield>
   <subfield code="d">1863-1957</subfield>
   <subfield code="2">gnd</subfield>
  </datafield>
  <datafield tag="689" ind1="1" ind2="3">
   <subfield code="d">s</subfield>
   <subfield code="0">(DE-588)4112587-3</subfield>
   <subfield code="0">(DE-627)105836109</subfield>
   <subfield code="0">(DE-576)20946920X</subfield>
   <subfield code="a">Architekturtheorie</subfield>
   <subfield code="2">gnd</subfield>
  </datafield>
  <datafield tag="689" ind1="1" ind2=" ">
   <subfield code="5">DE-101</subfield>
  </datafield>
  <datafield tag="689" ind1="2" ind2="0">
   <subfield code="d">p</subfield>
   <subfield code="0">(DE-588)118626442</subfield>
   <subfield code="0">(DE-627)133832198</subfield>
   <subfield code="0">(DE-576)163403201</subfield>
   <subfield code="a">Velde, Henry van de</subfield>
   <subfield code="d">1863-1957</subfield>
   <subfield code="2">gnd</subfield>
  </datafield>
  <datafield tag="689" ind1="2" ind2="1">
   <subfield code="d">p</subfield>
   <subfield code="0">(DE-588)118587943</subfield>
   <subfield code="0">(DE-627)133733971</subfield>
   <subfield code="0">(DE-576)209049553</subfield>
   <subfield code="a">Nietzsche, Friedrich</subfield>
   <subfield code="d">1844-1900</subfield>
   <subfield code="2">gnd</subfield>
  </datafield>
  <datafield tag="689" ind1="2" ind2=" ">
   <subfield code="5">(DE-627)</subfield>
  </datafield>
  <datafield tag="700" ind1="1" ind2=" ">
   <subfield code="a">Velde, Henry van de</subfield>
   <subfield code="d">1863-1957</subfield>
   <subfield code="0">(DE-588)118626442</subfield>
   <subfield code="0">(DE-627)133832198</subfield>
   <subfield code="0">(DE-576)163403201</subfield>
   <subfield code="4">oth</subfield>
  </datafield>
  <datafield tag="700" ind1="1" ind2=" ">
   <subfield code="a">Nietzsche, Friedrich</subfield>
   <subfield code="d">1844-1900</subfield>
   <subfield code="0">(DE-588)118587943</subfield>
   <subfield code="0">(DE-627)133733971</subfield>
   <subfield code="0">(DE-576)209049553</subfield>
   <subfield code="4">oth</subfield>
  </datafield>
  <datafield tag="787" ind1="0" ind2="8">
   <subfield code="i">Rezensiert in</subfield>
   <subfield code="a">Fischer, Ole W.</subfield>
   <subfield code="t">[Rezension von: Ole W. Fischer, Nietzsches Schatten. Henry van der Velde - von Philosophie zu Form]</subfield>
   <subfield code="d">2014</subfield>
   <subfield code="w">(DE-627)1798054728</subfield>
  </datafield>
  <datafield tag="856" ind1="4" ind2="2">
   <subfield code="u">http://www.gbv.de/dms/weimar/toc/642812845_toc.pdf</subfield>
   <subfield code="m">V:DE-601</subfield>
   <subfield code="m">B:DE-Wim2</subfield>
   <subfield code="x">Verlag</subfield>
   <subfield code="y">Inhaltsverzeichnis</subfield>
   <subfield code="3">Inhaltsverzeichnis</subfield>
  </datafield>
  <datafield tag="856" ind1="4" ind2="2">
   <subfield code="u">https://swbplus.bsz-bw.de/bsz336077645rez.htm</subfield>
   <subfield code="m">B:DE-576;DE-16</subfield>
   <subfield code="q">application/pdf</subfield>
   <subfield code="v">20140516095802</subfield>
   <subfield code="x">Verlag</subfield>
   <subfield code="3">Rezension</subfield>
  </datafield>
  <datafield tag="856" ind1="4" ind2="2">
   <subfield code="u">http://www.sehepunkte.de/2014/05/22920.html</subfield>
   <subfield code="m">V:DE-576;X:Sehepunkte</subfield>
   <subfield code="q">text/html</subfield>
   <subfield code="v">20180417093837</subfield>
   <subfield code="3">Rezension</subfield>
  </datafield>
  <datafield tag="935" ind1=" " ind2=" ">
   <subfield code="i">sf</subfield>
  </datafield>
  <datafield tag="935" ind1=" " ind2=" ">
   <subfield code="i">Blocktest</subfield>
  </datafield>
  <datafield tag="936" ind1="r" ind2="v">
   <subfield code="a">CG 5913</subfield>
   <subfield code="b">Personal-&quot;ismus&quot;, Schulbildung, Nachwirkung</subfield>
   <subfield code="k">Geschichte der Philosophie</subfield>
   <subfield code="k">Geschichte der Philosophie des Abendlandes von Antike bis 20. Jahrhundert</subfield>
   <subfield code="k">Philosophie des 19. Jahrhunderts</subfield>
   <subfield code="k">Deutschland und deutschsprachige Gebiete</subfield>
   <subfield code="k">Autoren</subfield>
   <subfield code="k">Autoren N</subfield>
   <subfield code="k">Nietzsche, Friedrich Wilhelm</subfield>
   <subfield code="k">Personal-&quot;ismus&quot;, Schulbildung, Nachwirkung</subfield>
   <subfield code="0">(DE-627)1271631547</subfield>
   <subfield code="0">(DE-625)rvk/18252:11612</subfield>
   <subfield code="0">(DE-576)201631547</subfield>
  </datafield>
  <datafield tag="936" ind1="r" ind2="v">
   <subfield code="a">ZH 4800</subfield>
   <subfield code="b">Leben und Werk einzelner Architekten (CSN des Namens)</subfield>
   <subfield code="k">Architektur</subfield>
   <subfield code="k">Baugeschichte</subfield>
   <subfield code="k">Leben und Werk einzelner Architekten (CSN des Namens)</subfield>
   <subfield code="0">(DE-627)1270650939</subfield>
   <subfield code="0">(DE-625)rvk/156166:</subfield>
   <subfield code="0">(DE-576)200650939</subfield>
  </datafield>
  <datafield tag="936" ind1="r" ind2="v">
   <subfield code="a">LI 92170</subfield>
   <subfield code="b">Velde, Henry van de</subfield>
   <subfield code="k">Künstler-Monografien</subfield>
   <subfield code="k">Alphabetische Künstlerliste</subfield>
   <subfield code="k">Künstler V</subfield>
   <subfield code="k">Velde, Henry van de</subfield>
   <subfield code="0">(DE-627)1270651757</subfield>
   <subfield code="0">(DE-625)rvk/97337:</subfield>
   <subfield code="0">(DE-576)200651757</subfield>
  </datafield>
  <datafield tag="936" ind1="b" ind2="k">
   <subfield code="a">20.06</subfield>
   <subfield code="j">Kunstphilosophie</subfield>
   <subfield code="j">Kunsttheorie</subfield>
   <subfield code="0">(DE-627)10641433X</subfield>
  </datafield>
  <datafield tag="936" ind1="b" ind2="k">
   <subfield code="a">20.31</subfield>
   <subfield code="j">Bildende Künstler</subfield>
   <subfield code="0">(DE-627)181571080</subfield>
  </datafield>
  <datafield tag="936" ind1="b" ind2="k">
   <subfield code="a">56.62</subfield>
   <subfield code="j">Architekturtheorie</subfield>
   <subfield code="j">Architekturentwicklung</subfield>
   <subfield code="0">(DE-627)181570572</subfield>
  </datafield>
  <datafield tag="951" ind1=" " ind2=" ">
   <subfield code="a">BO</subfield>
  </datafield>
  <datafield tag="990" ind1=" " ind2=" ">
   <subfield code="a">Nietzsche, Friedrich</subfield>
  </datafield>
  <datafield tag="990" ind1=" " ind2=" ">
   <subfield code="a">Rezeption</subfield>
  </datafield>
  <datafield tag="990" ind1=" " ind2=" ">
   <subfield code="a">Velde, Henry van de</subfield>
  </datafield>
  <datafield tag="990" ind1=" " ind2=" ">
   <subfield code="a">Architektur</subfield>
  </datafield>
  <datafield tag="990" ind1=" " ind2=" ">
   <subfield code="a">Nietzsche, Friedrich</subfield>
  </datafield>
  <datafield tag="990" ind1=" " ind2=" ">
   <subfield code="a">Rezeption</subfield>
  </datafield>
  <datafield tag="990" ind1=" " ind2=" ">
   <subfield code="a">Velde, Henry van de</subfield>
  </datafield>
  <datafield tag="990" ind1=" " ind2=" ">
   <subfield code="a">Architekturtheorie</subfield>
  </datafield>
  <datafield tag="990" ind1=" " ind2=" ">
   <subfield code="a">Velde, Henry van de</subfield>
  </datafield>
  <datafield tag="990" ind1=" " ind2=" ">
   <subfield code="a">Nietzsche, Friedrich</subfield>
  </datafield>
  <datafield tag="991" ind1=" " ind2=" ">
   <subfield code="a">Rezensiertes Werk</subfield>
  </datafield>
  <datafield tag="999" ind1=" " ind2=" ">
   <subfield code="a">KXP-PPN642812845</subfield>
   <subfield code="e">4179814935</subfield>
  </datafield>
 </record>
</collection>
